Macanudo : El optimismo es para los valientes /

Guardat en:
Dades bibliogràfiques
Autor principal: Liniers (autor)
Altres autors: Orner, Peter (prefacio) (prefacio)
Format: Llibre
Idioma:espanyol
Publicat: México : Sexto Piso, 2025, c2025
Col·lecció:(Sexto Piso Ilustrado)
Matèries:
Etiquetes: Afegir etiqueta
Sense etiquetes, Sigues el primer a etiquetar aquest registre!

MARC

LEADER 00000nam^a2200000^a^4500
001 000628648
005 20260219000000.0
009 20260310134117.423
020 |a 978-607-2647-10-7 
037 |a Acervo ITESO - Biblioteca 
041 |a GRA 
041 |a ESP 
082 |a 741. 53  |b LIN 
100 |a Liniers  |e (autor) 
240 1 1 |a [Macanudo] 
245 1 0 |a Macanudo :  |b El optimismo es para los valientes /  |c Liniers ; pref. de P. Orner. 
264 4 |a México :  |b Sexto Piso,  |c 2025, c2025 
300 |a 187 p. 
336 |a texto  |b txt  |2 rdacontenido 
337 |a sin mediación  |b n  |2 rdamedio 
338 |a volumen  |b nc  |2 rdasoporte 
440 1 |a (Sexto Piso Ilustrado) 
521 |a FIL 2025 DIA 
546 |a Edición gráfica con texto en español 
649 |a XX 
650 |a Vida Cotidiana -  |x Anécdotas y Chistes 
650 |a Historietas y Caricaturas de Humor 
650 |a Historietas y Caricaturas Argentinas -  |x Tema Principal 
650 |a Medios Impresos 
650 |a Medios de Comunicación 
650 |a Comunicación Visual 
650 |a Comunicación Masiva 
700 |a Orner, Peter  |e (prefacio) 
910 |a Fondo General 
920 |a Impresos - Libros 
930 |a Colección General 
905 |a 101 
901 |a 628648-10  |b IT1  |c ACC  |i C192541  |u 20260219 
902 |a https://opac.biblio.iteso.mx/vufind/Record/000628648